Metodické otázky plánování sociálního rozvoje z územných hledisek SPEV 902 311 203

Guardado en:
Detalles Bibliográficos
Formato: Libro
Lenguaje:checo
Publicado: Ostrava Výzkumný ústav rozvoje oblasti a měst 1984
Etiquetas: Agregar Etiqueta
Sin Etiquetas, Sea el primero en etiquetar este registro!

MARC

LEADER 00000nam a2200000 4500
001 c114420
005 20221207065844.0
041 0 |a cze 
044 |a CZ 
245 1 0 |a Metodické otázky plánování sociálního rozvoje z územných hledisek  |b SPEV 902 311 203 
264 1 |a Ostrava  |b Výzkumný ústav rozvoje oblasti a měst  |c 1984 
300 |a 36 s.